000
00281nam a2200109Ia 4500
008
220204s9999 xx 000 0 und d
082
_a
82-3
_b
KHU
100
_a
Khushwant Singh
245
2
_a
A bride for the Sahib and other stories
260
_a
New Delhi
_b
Orient
_c
1967
942
_c
BK
999
_c
32272
_d
32272